Vykazovanie a uverejňovanie informácií poisťovní pôsobiacich v Slovenskej republike v zmysle IFRS diplomová práca

Saved in:
Bibliographic Details
Main Author: Gaálová, Brigita
Corporate Author: Národohospodárska fakulta EU. Katedra poisťovníctva
Other Authors: Pastoráková, Erika, 1972-
Format: Book
Language:Slovak
Published: Bratislava 2012
Tags: Add Tag
No Tags, Be the first to tag this record!

MARC

LEADER 00000nbm a2200000 4500
001 0153549
005 20161109102121.7
041 0 |a slo 
044 |a SK 
245 1 0 |a Vykazovanie a uverejňovanie informácií poisťovní pôsobiacich v Slovenskej republike v zmysle IFRS  |b diplomová práca  |c Brigita Gaálová ; školiteľ: Erika Pastoráková 
264 1 |a Bratislava  |c 2012 
300 |a 70 s. 
100 1 |a Gaálová, Brigita 
700 1 |a Pastoráková, Erika, 1972- 
710 2 |a Národohospodárska fakulta EU. Katedra poisťovníctva